000 00344nam a2200157Ia 4500
008 200305s9999 xx 000 0 und d
020 _a978-81-265-5677-9
082 _a530
082 _bKRM
100 _aKRANE KENNETH S.
245 _aMODERN PHYSICS
260 _aNEW DELHI
_bWILEY
300 _a542
650 _aPHYSICS
999 _c39555
_d39555
041 _aeng